Actor Awards for Best Actress in a Leading Role - Statistics

General Stats
  • This quiz has been taken 22 times
  • The average score is 104 of 161
Answer Stats
Year Film Actress % Correct
2025 Bugonia Emma Stone
100%
2023 Poor Things Emma Stone
100%
2016 La La Land Emma Stone
100%
2021 House of Gucci Lady Gaga
100%
2018 A Star Is Born Lady Gaga
100%
2016 Florence Foster Jenkins Meryl Streep
100%
2013 August: Osage County Meryl Streep
100%
2011 The Iron Lady Meryl Streep
100%
2009 Julie & Julia Meryl Streep
100%
2008 Doubt Meryl Streep
100%
2006 The Devil Wears Prada Meryl Streep
100%
1999 Music of the Heart Meryl Streep
100%
1998 One True Thing Meryl Streep
100%
1995 The Bridges of Madison County Meryl Streep
100%
1994 The River Wild Meryl Streep
100%
2016 Jackie Natalie Portman
100%
2010 Black Swan Natalie Portman
100%
2008 Revolutionary Road Kate Winslet
93%
2006 Little Children Kate Winslet
93%
2004 Eternal Sunshine of the Spotless Mind Kate Winslet
93%
1997 Titanic Kate Winslet
93%
2023 Barbie Margot Robbie
93%
2017 I, Tonya Margot Robbie
93%
2022 Tár Cate Blanchett
87%
2015 Carol Cate Blanchett
87%
2013 Blue Jasmine Cate Blanchett
87%
2007 Elizabeth: The Golden Age Cate Blanchett
87%
1998 Elizabeth Cate Blanchett
87%
2024 The Substance Demi Moore
87%
2018 Mary Poppins Returns Emily Blunt
87%
2016 The Girl on the Train Emily Blunt
87%
2019 Bombshell Charlize Theron
80%
2005 North Country Charlize Theron
80%
2003 Monster Charlize Theron
80%
2024 Wicked Cynthia Erivo
80%
2019 Harriet Cynthia Erivo
80%
2020 Nomadland Frances McDormand
80%
2017 Three Billboards Outside Ebbing, Missouri Frances McDormand
80%
1996 Fargo Frances McDormand
80%
2000 Erin Brockovich Julia Roberts
80%
2021 The Lost Daughter Olivia Colman
80%
2018 The Favourite Olivia Colman
80%
2019 Marriage Story Scarlett Johansson
80%
2022 The Woman King Viola Davis
80%
2020 Ma Rainey's Black Bottom Viola Davis
80%
2011 The Help Viola Davis
80%
2020 Hillbilly Elegy Amy Adams
73%
2016 Arrival Amy Adams
73%
2023 Nyad Annette Bening
73%
2010 The Kids Are All Right Annette Bening
73%
2004 Being Julia Annette Bening
73%
1999 American Beauty Annette Bening
73%
2007 Juno Elliot Page
73%
2013 Saving Mr. Banks Emma Thompson
73%
1995 Sense and Sensibility Emma Thompson
73%
1998 Shakespeare in Love Gwyneth Paltrow
73%
2010 Conviction Hilary Swank
73%
2004 Million Dollar Baby Hilary Swank
73%
1999 Boys Don't Cry Hilary Swank
73%
2012 Silver Linings Playbook Jennifer Lawrence
73%
2010 Winter's Bone Jennifer Lawrence
73%
2021 The Eyes of Tammy Faye Jessica Chastain
73%
2012 Zero Dark Thirty Jessica Chastain
73%
1994 Nell Jodie Foster
73%
2014 Still Alice Julianne Moore
73%
2002 Far from Heaven Julianne Moore
73%
1999 The End of the Affair Julianne Moore
73%
2022 Everything Everywhere All at Once Michelle Yeoh
73%
2019 Judy Renée Zellweger
73%
2002 Chicago Renée Zellweger
73%
2001 Bridget Jones's Diary Renée Zellweger
73%
2002 Frida Salma Hayek
73%
2013 Gravity Sandra Bullock
73%
2009 The Blind Side Sandra Bullock
73%
2017 Lady Bird Saoirse Ronan
73%
2015 Brooklyn Saoirse Ronan
73%
2015 Room Brie Larson
67%
1997 As Good as It Gets Helen Hunt
67%
2015 Woman in Gold Helen Mirren
67%
2012 Hitchcock Helen Mirren
67%
2009 The Last Station Helen Mirren
67%
2006 The Queen Helen Mirren
67%
2001 A Beautiful Mind Jennifer Connelly
67%
2024 Anora Mikey Madison
67%
2021 Being the Ricardos Nicole Kidman
67%
2010 Rabbit Hole Nicole Kidman
67%
2002 The Hours Nicole Kidman
67%
2014 Wild Reese Witherspoon
67%
2005 Walk the Line Reese Witherspoon
67%
2025 If I Had Legs I'd Kick You Rose Byrne
67%
2008 Rachel Getting Married Anne Hathaway
60%
2023 Maestro Carey Mulligan
60%
2020 Promising Young Woman Carey Mulligan
60%
2009 An Education Carey Mulligan
60%
2001 Monster's Ball Halle Berry
60%
2025 Hamnet Jessie Buckley
60%
2025 Song Sung Blue Kate Hudson
60%
2012 Rust and Bone Marion Cotillard
60%
2007 La Vie en Rose Marion Cotillard
60%
2024 The Last Showgirl Pamela Anderson
60%
2014 Gone Girl Rosamund Pike
60%
1995 Dead Man Walking Susan Sarandon
60%
1994 The Client Susan Sarandon
60%
2008 Changeling Angelina Jolie
53%
2007 A Mighty Heart Angelina Jolie
53%
2003 Something's Gotta Give Diane Keaton
53%
1996 Marvin's Room Diane Keaton
53%
1995 Leaving Las Vegas Elisabeth Shue
53%
2005 Transamerica Felicity Huffman
53%
2014 The Theory of Everything Felicity Jones
53%
2018 The Wife Glenn Close
53%
2011 Albert Nobbs Glenn Close
53%
2021 Respect Jennifer Hudson
53%
2017 Victoria & Abdul Judi Dench
53%
2013 Philomena Judi Dench
53%
2006 Notes on a Scandal Judi Dench
53%
2005 Mrs Henderson Presents Judi Dench
53%
2001 Iris Judi Dench
53%
1997 Mrs Brown Judi Dench
53%
2000 Chocolat Juliette Binoche
53%
2019 Us Lupita Nyong'o
53%
2018 Can You Ever Forgive Me? Melissa McCarthy
53%
2011 My Week with Marilyn Michelle Williams
53%
2012 The Impossible Naomi Watts
53%
2003 21 Grams Naomi Watts
53%
2006 Volver Penélope Cruz
53%
2000 Requiem for a Dream Ellen Burstyn
47%
1994 Blue Sky Jessica Lange
47%
1996 The English Patient Kristin Scott Thomas
47%
2017 The Shape of Water Sally Hawkins
47%
2011 We Need to Talk About Kevin Tilda Swinton
47%
2022 Blonde Ana de Armas
40%
1996 Secrets & Lies Brenda Blethyn
40%
2025 One Battle After Another Chase Infiniti
40%
1998 Hilary and Jackie Emily Watson
40%
2009 Precious Gabourey Sidibe
40%
1997 The Wings of the Dove Helena Bonham Carter
40%
2004 Vera Drake Imelda Staunton
40%
2014 Cake Jennifer Aniston
40%
2024 Emilia Pérez Karla Sofía Gascón
40%
2000 You Can Count on Me Laura Linney
40%
2023 Killers of the Flower Moon Lily Gladstone
40%
1994 When a Man Loves a Woman Meg Ryan
40%
1997 Jackie Brown Pam Grier
40%
2001 In the Bedroom Sissy Spacek
40%
2002 Unfaithful Diane Lane
33%
2007 Away from Her Julie Christie
33%
2008 Frozen River Melissa Leo
33%
2020 Pieces of a Woman Vanessa Kirby
33%
2004 Maria Full of Grace Catalina Sandino Moreno
27%
2022 Till Danielle Deadwyler
27%
2000 The Contender Joan Allen
27%
1995 Nixon Joan Allen
27%
2005 Memoirs of a Geisha Ziyi Zhang
27%
1999 Tumbleweeds Janet McTeer
20%
2003 Thirteen Evan Rachel Wood
13%
1998 Little Voice Jane Horrocks
13%
2015 I Smile Back Sarah Silverman
7%
1996 Unhook the Stars Gena Rowlands
0%
2003 The Station Agent Patricia Clarkson
0%
1997 She's So Lovely Robin Wright
0%
No matching quizzes found
Score Distribution
Percent of People with Each Score
Percentile by Number Answered
Your Score History
You have not taken this quiz